Order and history. (Record no. 123162)
[ view plain ]
| 000 -LEADER | |
|---|---|
| fixed length control field | 01809cam a2200337 a 4500 |
| 001 - CONTROL NUMBER | |
| control field | 11816811 |
| 003 - CONTROL NUMBER IDENTIFIER | |
| control field | ARRUPE |
| 005 - DATE AND TIME OF LATEST TRANSACTION | |
| control field | 20150828091849.0 |
| 008 - FIXED-LENGTH DATA ELEMENTS--GENERAL INFORMATION | |
| fixed length control field | 991021r20001956mou b s001 0 eng |
| 010 ## - LIBRARY OF CONGRESS CONTROL NUMBER | |
| LC control number | 99053537 |
| 020 ## - INTERNATIONAL STANDARD BOOK NUMBER | |
| International Standard Book Number | 0826212832 (v. 2 : alk. paper) |
| 020 ## - INTERNATIONAL STANDARD BOOK NUMBER | |
| International Standard Book Number | 0826212611 (v. 5 : alk. paper) |
| 040 ## - CATALOGING SOURCE | |
| Original cataloging agency | DLC |
| Transcribing agency | DLC |
| Modifying agency | DLC |
| 050 00 - LIBRARY OF CONGRESS CALL NUMBER | |
| Classification number | B3354 |
| Item number | .V88 1989 vol. 14, etc. |
| Classification number | CB19 |
| 082 00 - DEWEY DECIMAL CLASSIFICATION NUMBER | |
| Classification number | 193 s |
| -- | 901 |
| Edition number | 21 |
| 300 ## - PHYSICAL DESCRIPTION | |
| Dimensions | 24 cm. |
| 100 1# - MAIN ENTRY--PERSONAL NAME | |
| Personal name | Voegelin, Eric, |
| Dates associated with a name | 1901-1985. |
| 9 (RLIN) | 19096 |
| 245 10 - TITLE STATEMENT | |
| Title | Order and history. |
| 260 ## - PUBLICATION, DISTRIBUTION, ETC. (IMPRINT) | |
| Place of publication, distribution, etc | Columbia : |
| Name of publisher, distributor, etc | University of Missouri Press, |
| Date of publication, distribution, etc | c2000- |
| 300 ## - PHYSICAL DESCRIPTION | |
| Extent | 5 v. ; |
| 490 1# - SERIES STATEMENT | |
| Series statement | The collected works of Eric Voegelin ; |
| Volume number/sequential designation | v. 14-18 |
| 500 ## - GENERAL NOTE | |
| General note | Originally published: Baton Rouge : Louisiana State University Press, 1956-1987. With new introd. |
| 504 ## - BIBLIOGRAPHY, ETC. NOTE | |
| Bibliography, etc | Includes bibliographical references and index. |
| 505 0# - FORMATTED CONTENTS NOTE | |
| Formatted contents note | v. 1. Israel and Revelation / edited with an introduction by Maurice P. Hogan -- v. 2. The world of the polis / edited with an introduction by Athanasios Moulakis -- v. 3. Plato and Aristotle / edited with an introduction by Dante Germino -- v. 4. The ecumenic age / edited with an introduction by Michael Franz -- v. 5. In search of order / edited with an introduction by Ellis Sandoz. |
| 650 #0 - SUBJECT ADDED ENTRY--TOPICAL TERM | |
| Topical term or geographic name as entry element | Civilization |
| General subdivision | Philosophy. |
| 9 (RLIN) | 8014 |
| 650 #0 - SUBJECT ADDED ENTRY--TOPICAL TERM | |
| Topical term or geographic name as entry element | Order (Philosophy) |
| 9 (RLIN) | 19097 |
| 700 1# - ADDED ENTRY--PERSONAL NAME | |
| Personal name | Sandoz, Ellis, |
| Dates associated with a name | 1931- |
| 9 (RLIN) | 19098 |
| 800 1# - SERIES ADDED ENTRY--PERSONAL NAME | |
| Personal name | Voegelin, Eric, |
| Dates associated with a name | 1901-1985. |
| Title of a work | Works. |
| Date of a work | 1989 ; |
| Volume/sequential designation | v. 14-18. |
| 9 (RLIN) | 19099 |
| 906 ## - LOCAL DATA ELEMENT F, LDF (RLIN) | |
| a | 7 |
| b | cbc |
| c | orignew |
| d | 1 |
| e | ocip |
| f | 19 |
| g | y-gencatlg |
| 942 ## - ADDED ENTRY ELEMENTS (KOHA) | |
| Source of classification or shelving scheme | Library of Congress Classification |
| Koha item type | Monograph ( Printed materials) |
| Withdrawn status | Lost status | Source of classification or shelving scheme | Damaged status | Not for loan | Collection code | Home library | Current library | Shelving location | Date acquired | Total Checkouts | Full call number | Barcode | Date last seen | Price effective from | Koha item type |
|---|---|---|---|---|---|---|---|---|---|---|---|---|---|---|---|
| Library of Congress Classification | Main Collection | ARRUPE LIBRARY | ARRUPE LIBRARY | Main Collection | 28/08/2015 | CB53.V6 vol. 5 | 46500004091 | 10/10/2017 | 28/08/2015 | Monograph ( Printed materials) |